Statistics for US states that don't have E or I in their name

Click here to take the quiz!

General Stats

  • This quiz has been taken 47 times
  • The average score is 9 of 11

Answer Stats

Answer% Correct
Alabama
95%
Alaska
93%
Utah
84%
Montana
81%
Arkansas
79%
North Dakota
79%
South Dakota
74%
Kansas
72%
Maryland
72%
Colorado
67%
Oklahoma
58%

Score Distribution

Percentile by Number Answered

Percent of People with Each Score

Your Score History

You have not taken this quiz